Welcome to CU Library Online Public Access Catalogue (OPAC)

Principles of business law / (Record no. 330)

MARC details
000 -LEADER
fixed length control field 01322cam a2200361 i 4500
001 - CONTROL NUMBER
control field 20978979
003 - CONTROL NUMBER IDENTIFIER
control field OSt
005 - DATE AND TIME OF LATEST TRANSACTION
control field 20241028212541.0
008 - FIXED-LENGTH DATA ELEMENTS--GENERAL INFORMATION
fixed length control field 190518m20189999gh a b 000 0 eng
010 ## - LIBRARY OF CONGRESS CONTROL NUMBER
LC control number 2019351198
020 ## - INTERNATIONAL STANDARD BOOK NUMBER
International Standard Book Number 9789988246181
Qualifying information (volume 1)
040 ## - CATALOGING SOURCE
Original cataloging agency DLC
Language of cataloging eng
Description conventions rda
Transcribing agency DLC
Modifying agency DLC
042 ## - AUTHENTICATION CODE
Authentication code pcc
-- lcode
043 ## - GEOGRAPHIC AREA CODE
Geographic area code f-gh---
050 00 - LIBRARY OF CONGRESS CALL NUMBER
Classification number KRX78.B87
Item number A34 2018
100 1# - MAIN ENTRY--PERSONAL NAME
Personal name Adjei-Mensah, K.
Fuller form of name (Kwadwo),
Relator term author.
245 10 - TITLE STATEMENT
Title Principles of business law /
Statement of responsibility, etc. K. Adjei-Mensah.
250 ## - EDITION STATEMENT
Edition statement Revised edition.
264 #1 - PRODUCTION, PUBLICATION, DISTRIBUTION, MANUFACTURE, AND COPYRIGHT NOTICE
Place of production, publication, distribution, manufacture [Accra?] :
Name of producer, publisher, distributor, manufacturer His Grace Publications,
Date of production, publication, distribution, manufacture, or copyright notice 2018-
300 ## - PHYSICAL DESCRIPTION
Extent xii, 441 pages, vol. 1 :
Other physical details illustrations ;
Dimensions 24 cm
336 ## - CONTENT TYPE
Content type term text
Content type code txt
Source rdacontent
337 ## - MEDIA TYPE
Media type term unmediated
Media type code n
Source rdamedia
338 ## - CARRIER TYPE
Carrier type term volume
Carrier type code nc
Source rdacarrier
500 ## - GENERAL NOTE
General note This revised edition also referred to as sixth edition on title page verso.
504 ## - BIBLIOGRAPHY, ETC. NOTE
Bibliography, etc. note Includes bibliographical references.
588 ## - SOURCE OF DESCRIPTION NOTE
Source of description note To be complete in 2 volumes.
600 ## - SUBJECT ADDED ENTRY--PERSONAL NAME
Source of heading or term Business Law
650 #0 - SUBJECT ADDED ENTRY--TOPICAL TERM
Topical term or geographic name entry element Commercial law
Geographic subdivision Ghana.
906 ## - LOCAL DATA ELEMENT F, LDF (RLIN)
a 7
b cbc
c origcop
d 2
e ncip
f 20
g y-gencatlg
942 ## - ADDED ENTRY ELEMENTS (KOHA)
Source of classification or shelving scheme Library of Congress Classification
Koha item type Books
Suppress in OPAC No
Holdings
Withdrawn status Lost status Source of classification or shelving scheme Damaged status Not for loan Home library Current library Shelving location Date acquired Total checkouts Full call number Barcode Date last seen Copy number Price effective from Koha item type Date due Date last checked out Collection Uniform resource identifier
    Library of Congress Classification     Law Library (Kumasi) Law Library (Kumasi) General stacks 05/05/2025   KF889.3 Adj LLK00000128 05/05/2025 5 05/05/2025 Books     Non-fiction vol 1 Revised edi
    Library of Congress Classification     Law Library (Kumasi) Law Library (Kumasi) General stacks 05/05/2025   KF889.3 Adj LLK00000129 05/05/2025 6 05/05/2025 Books     Non-fiction vol 1 Revised edi
    Library of Congress Classification     Law Library (Kumasi) Law Library (Kumasi) General stacks 05/05/2025   KF889.3 Adj LLK00000130 05/05/2025 7 05/05/2025 Books     Non-fiction vol 1 Revised edi
    Library of Congress Classification     Law Library (Kumasi) Law Library (Kumasi) General stacks 05/05/2025   KF889.3 Adj LLK00000131 05/05/2025 8 05/05/2025 Books     Non-fiction vol 1 Revised edi
    Library of Congress Classification     Law Library Annex (Miotso) Law Library Annex (Miotso) General stacks 10/28/2024   KF889.3 ADJ LLM00000081 10/28/2024 1 10/28/2024 Books        
    Library of Congress Classification     Law Library Annex (Miotso) Law Library Annex (Miotso) General stacks 10/28/2024   KF889.3 ADJ LLM00000079 10/28/2024 3 10/28/2024 Books        
    Library of Congress Classification     Law Library Annex (Miotso) Law Library Annex (Miotso) General stacks 10/28/2024   KF889.3 ADJ LLM00000078 10/28/2024 4 10/28/2024 Books        
    Library of Congress Classification     Law Library Annex (Miotso) Undergraduate Library (Christ Temple) General stacks 10/28/2024 1 KF889.3 ADJ LLM00000080 01/22/2026 2 10/28/2024 Books 02/05/2026 01/22/2026    
© 2023-2024 Copyright: Central University Libraries. All Rights Reserved | Created by: Mahone Tech Office